Zavádzanie numericky riadených strojov zborník prednášok z konferencie ... Gottwaldov, december 1970

Podrobná bibliografia
Médium: Kniha
Jazyk:slovenčina
čeština
Fyzický popis:139 strán fotografie, grafy, schémy, tabuľky 29 cm
Vydavateľské údaje: Bratislava Slovenská vedeckotechnická spoločnosť 1971
Vydanie:1. vyd.
Predmet:

MARC

LEADER 00000cam a2200000 a 4500
001 vtls001393745
003 SK-MaSNL
005 20260301201759.0
008 250312s1971 xo odl fr 10000 slo
015 |a SNBA1971 
035 |a SNK000348059 
035 |a urn:nbn:sk:snk-am3izuc 
035 |a 06E38223-9728-4875-9F74-789D42569463 
035 |a urn:nbn:sk:snk-am00gjvu 
040 |a SNK  |b slo  |c SNK  |e AACR2 
041 0 |a slo  |a cze 
044 |a xo  |c SK 
072 7 |a 621  |x Strojárstvo  |2 konspekt 
080 |a 621.9-52:681.323(082)  |2 1981 
080 |a 621.9.042-523.8  |2 2011 
080 |a 621.9.06  |2 2011 
080 |a 62-523.8  |2 2011 
080 |a (042.3)  |2 2011 
080 |a (082)  |2 2011 
245 0 0 |a Zavádzanie numericky riadených strojov  |b zborník prednášok z konferencie ... Gottwaldov, december 1970  |c [autor: kolektív] 
250 |a 1. vyd. 
260 |a Bratislava  |b Slovenská vedeckotechnická spoločnosť  |c 1971 
300 |a 139 strán  |b fotografie, grafy, schémy, tabuľky  |c 29 cm 
366 |e 135 kusov 
546 |a Čiastočný text v češtine 
650 0 7 |a NC stroje  |2 SNKPH  |9 67329 
650 0 7 |a obrábacie stroje  |2 SNKPH  |9 66686 
650 0 7 |a digitálne riadiace systémy  |2 SNKPH  |9 66693 
655 7 |a zborníky  |2 SNKPH  |9 70165 
655 7 |a prednášky  |2 SNKPH  |9 70554 
852 |a Slovenská národná knižnica 
958 |a OND 
958 |a ART 
958 |a RM 
999 |c 896243  |d 898173 
952 |t P60, <03>, [BOOK], {603}  |a SNK  |b SNK  |y PREZ  |7 0  |o snkSB 17217  |i snkD 712/71  |0 0  |1 0  |4 0  |d 2000-08-01  |l 0  |r 2005-01-02 00:00:00  |w 2026-02-24 
952 |t P60, <04>, [BOOK], {604}  |a SNK  |b SNK  |y VYP  |7 0  |p 17A0247236  |o snkSB 17217 D1  |i snkD 560/2000  |0 0  |1 0  |4 0  |d 2000-08-01  |l 0  |r 2005-01-02 00:00:00  |w 2026-02-24 
952 |a SNK  |b SNK  |y PREZ  |7 0  |p 17A0892969  |o snkSB 17217   |i snkKSP 5113/71  |0 0  |1 0  |4 0  |d 2012-07-24  |f 1  |l 0  |r 2025-03-18 00:00:00  |w 2026-02-24